000 00627nam a2200241Ia 4500
003 OSt
005 20221007103116.0
006 a|||||r|||| 00| 0
007 ta
008 221006b |||||||| |||| 00| 0 eng d
020 _a8175342435
024 _a12,253
037 _cTextual
040 _aLCO
_cLCO
_beng
041 _2eng
_aeng
082 _aV2:2:(Z), P3
100 _aPylee M.V.
245 0 _aConstitutional Amendments in India
260 _aDelhi
_bUniversal Law Publishing Co. Pvt. Ltd India
_c2003
300 _a909
942 _hV2:2:(Z), P3
_cTEXL
999 _c1181816
_d1181816